000 00985nam a2200265 a 4500
001 68831
003 BD-RjUL
005 20211209081820.0
008 170406s1990 cau b s000 1 eng
020 _a0520067134 (alk. paper)
020 _a0520067142 (pbk. : alk. paper)
035 _a(BD-RjUL)69042
040 _aDLC
_cDLC
_dDLC
_dBD-RjUL
_beng
041 1 _aeng
_hben
082 0 0 _223
_a891.4430108
_bOFW 1990
245 0 0 _aOf women, outcastes, peasants, and rebels :
_ba selection of Bengali short stories /
_cedited, translated, and with an introduction by Kalpana Bardhan.
260 _aBerkeley :
_bUniversity of California Press,
_cc1990.
300 _avii, 330 p. ;
_c24 cm.
500 _aTranslated from Bengali.
504 _aIncludes bibliographical references.
650 0 _aShort stories, Bengali
_vTranslations into English.
_9203974
651 0 _aBengal (India)
_xSocial life and customs
_vFiction.
_9203975
700 1 _aBardhan, Kalpana.
_9203976
942 _2ddc
_cBK
999 _c68831
_d68831